Global import tariff of bicycles and parts.
| Corporate Author: | |
|---|---|
| Format: | Book |
| Published: |
Taipei:
Taiwan Bicycle Exporters' Association,
2011.
|
| Subjects: |
| LEADER | 00466cam a2200145 7i4500 | ||
|---|---|---|---|
| 001 | 0000026573 | ||
| 005 | 20110817090000.0 | ||
| 090 | 0 | 0 | |a TAIW 382.7 |b TAI |
| 110 | 2 | 0 | |a Taiwan Bicycle Exporters' Association |
| 245 | 2 | 0 | |a Global import tariff of bicycles and parts. |
| 260 | 0 | 0 | |a Taipei: |b Taiwan Bicycle Exporters' Association, |c 2011. |
| 300 | # | # | |a 83p. |
| 650 | 0 | 0 | |a Bicycle -- |x Tariff -- |z Taiwan |
| 651 | 0 | 0 | |a Taiwan |
| 999 | |a 0000028499 |b Book |c Countries |e Business Information Centre | ||